| 000 | 00728nam a2200217 a 4500 | ||
|---|---|---|---|
| 999 |
_c12632 _d12632 |
||
| 001 | 12632 | ||
| 003 | BD-JhCC | ||
| 005 | 20221023091958.0 | ||
| 008 | 221023s2022 bg |||| |||| 000 0 ban d | ||
| 020 | _a9789849594819 | ||
| 035 | _a(BD-JhCC)12632 | ||
| 040 |
_aBD-JhCC _dBD-JhCC |
||
| 041 | _aBangla | ||
| 082 |
_a891.443 _bHIR 2022 |
||
| 245 |
_aহীরকচূর্ণ / _cসম্পাদনায় মেহেদী হাসান শোয়েব |
||
| 260 |
_aঢাকা : _bপাললিক সৌরভ, _c২০২২ |
||
| 300 |
_a৩৬৮ পৃ. : _c২২ সেমি. |
||
| 650 | _aBengali Short Story | ||
| 700 | _aশোয়েব, মেহেদী হাসান | ||
| 942 |
_2ddc _cBK |
||